=LDR 00000nam 2200000 4500 =001 NUTBA000000000004229 =005 20140905112049.0 =006 =007 =008 =020 ##$$a 979-901-533-2 =035 ##$$a 0010-091400000000262 =040 ##$$a Ind =082 ##$$a 657.48 =090 ##$$a 657.48$byen a =100 ##$$a Yendrawati, reni =245 ##$$a Akuntasi keuangan lanjutan 1$cReni yendrawati =250 ##$$a Ed.2,Cet,1 =260 ##$$a Yogyakarta$bEkonisisa$c2008 =300 ##$$a Viii,139Hlm$bIlus$c23 cm. =850 ##$$a NBPNMAT =990 ##$$a 21005081 =990 ##$$a 0001/BPAP-NTB/20142014 =990 ##$$a 0001/BPAP-NTB/20142014 =990 ##$$a 0001/BPAP-NTB/20142014 =990 ##$$a 0001/BPAP-NTB/20142014